00704nam a2200241Ia 4500003000900000008004100009040001300050040001300063041000800076100001600084100000900100245002000109250001100129260002100140260000900161300001100170300001000181490004500191490000600236942000700242999001700249952019600266IT-RoPAU120407s9999 xx 000 0 und d aIT-RoPAU cIT-RoPAU aita aMauro Todde ccur. aSpirito di Dio. aMilano aEdizioni Paoline c1987 a344 p. c20 cm aLetture cristiane del primo millennio, 3 v1 cBK c33076d33076 00102ddc406276_74000000000000071aPAULUSbPAULUSd2012-04-11l0o276.74r2012-04-11 00:00:00w2012-04-11yBKzInserito da: Anna In data: 05 ottobre 2011 fondo: Via A.Severo 56 Progr:33234